Flagi państw na literę S - Statystyki

Ogólne statystyki
  • Ten quiz został rozwiązany 9 946 razy
  • Średni wynik to 17 z 22
Statystyki odpowiedzi
Obrazkowy Odpowiedź % Poprawnych
Słowacja
100%
Stany Zjednoczone
97%
Szwecja
95%
Szwajcaria
92%
San Marino
90%
Serbia
90%
Słowenia
90%
Sri Lanka
89%
Singapur
85%
Senegal
83%
Salwador
79%
Seszele
79%
Somalia
78%
Sudan
68%
Syria
67%
Surinam
63%
Saint Lucia
62%
Samoa
60%
Sudan Południowy
60%
Sierra Leone
56%
Saint Kitts i Nevis
54%
Saint Vincent i Grenadyny
53%
Nie znaleziono quizów pasujących do podanych kryteriów
Rozkład punktacji
Procent ludzi z każdym wynikiem
Percentyl według liczby udzielonych odpowiedzi
Twoja historia wyników
Nie rozwiązałeś tego quizu